000 01734nam a22001577a 4500
041 _aukr
080 _a09
090 _bКОС
100 _aКосік Ю. А.
245 _aПорівняльний аналіз німецьких та англійських запозичень ХХ століття в мові-реципієнті.
260 _aОстрог
_bКАФ
_c2004
300 _a58
520 _aРозділ 1.Запозичення як джерело поповнення словникового складу мови. 1.1.Особливості процесів взаємодії англійської та німецької мов. 1.2.Діахронічна характеристика англійських запозичень у сучасній німецькій мові. 1.3.Історія німецьких запозичень в англійській мові(американський варіант). Розділ 2.Порівняльний аналіз особливостей асиміляції англійських та німецьких запозичень. 2.1.Особливості фонетичної, орфографічної та морфологічної адаптації запозичень у мовах-реципієнтах. 2.2.Семантична специфіка запозичених лексичних одиниць. 2.3.Словотвірний потенціал запозиченої лексики як показник її пристосованості до системи мови-реципієнта.
_0запозичення,асиміляція,морфологічна, адаптація
650 _aResearch Papers
999 _c282543
_d282543
942 _cBK